The economics of risk

Bibliographic Details
Corporate Author: ProQuest (Firm)
Other Authors: Meyer, Donald J., 1957-
Format: Electronic eBook
Language:English
Published: Kalamazoo, Mich. : W.E. Upjohn Institute for Employment Research, 2003.
Subjects:
Online Access:Click to View
LEADER 01665nam a22003734a 4500
001 EBC3417115
003 MiAaPQ
005 20200520144314.0
006 m o d |
007 cr cn|||||||||
008 030911s2003 miua sb 001 0 eng
010 |z  2003020210 
020 |z 0880992670 (pbk. : alk. paper) 
020 |z 0880992689 (hardcover : alk. paper) 
035 |a (MiAaPQ)EBC3417115 
035 |a (Au-PeEL)EBL3417115 
035 |a (CaPaEBR)ebr10103906 
035 |a (OCoLC)55233452 
040 |a MiAaPQ  |c MiAaPQ  |d MiAaPQ 
050 4 |a HB615  |b .E3387 2003 
082 0 4 |a 368  |2 22 
245 0 4 |a The economics of risk  |h [electronic resource] /  |c Donald J. Meyer, editor. 
260 |a Kalamazoo, Mich. :  |b W.E. Upjohn Institute for Employment Research,  |c 2003. 
300 |a v, 185 p. :  |b ill. 
504 |a Includes bibliographical references (p. 160-167) and index. 
505 0 |t Risk and risk management /  |r Keith J. Crocker --  |t States of the world and the state of decision theory /  |r Mark J. Machina --  |t Gambling with the future /  |r William R. Eadington --  |t Common value auctions and the winner's curse /  |r John H. Kagel --  |t Sharing very high risks /  |r Katherine Swartz --  |t Risk and agriculture /  |r Rulon D. Pope. 
533 |a Electronic reproduction. Ann Arbor, MI : ProQuest, 2015. Available via World Wide Web. Access may be limited to ProQuest affiliated libraries. 
650 0 |a Risk. 
650 0 |a Economics. 
650 0 |a Risk management. 
655 4 |a Electronic books. 
700 1 |a Meyer, Donald J.,  |d 1957- 
710 2 |a ProQuest (Firm) 
856 4 0 |u https://ebookcentral.proquest.com/lib/matrademy/detail.action?docID=3417115  |z Click to View